| 000 | 00625nam a2200217 a 4500 | ||
|---|---|---|---|
| 005 | 20140310183509.0 | ||
| 008 | 101020s19uu xx 00 eng d | ||
| 020 | _a9780495800873 | ||
| 050 |
_aPN 4781 _b.R42 2010 |
||
| 100 | _aRich, Carole | ||
| 245 |
_aWriting and reporting news : _ba coaching method / _cCarole Rich. |
||
| 250 | _a6th ed. | ||
| 260 |
_aAustralia : _bWadsworth Cengage Learning, _c2010. |
||
| 300 |
_a531 p. : _bill. ; _c26 cm. |
||
| 521 | _aMC | ||
| 650 |
_aJournalism _xAuthorship. |
||
| 650 | _aReporters and reporting. | ||
| 650 | _aReport writing. | ||
| 942 |
_cBK _2lcc _kFOR |
||
| 999 |
_c24122 _d24122 |
||